| 000 | 02190nam a22003497a 4500 | ||
|---|---|---|---|
| 001 | 104831 | ||
| 003 | KnowledgeUnlatched | ||
| 005 | 20210303105030.0 | ||
| 006 | m o d | ||
| 007 | cr u|||||||||| | ||
| 008 | 210129p20192019xx o u00| u ger d | ||
| 037 | _5BiblioBoard | ||
| 245 | 0 | 0 |
_aÖsterreichische Historiker: Band 3 _bLebensläufe und Karrieren 1900-1945 / _cKarel Hruza. |
| 020 | _a9783205209249 | ||
| 029 | 1 | _ahttps://library.biblioboard.com/ext/api/media/84f2a90f-0308-48f8-a9f2-d279a52db3fd/assets/thumbnail.jpg | |
| 040 |
_aScCtBLL _cScCtBLL |
||
| 506 | 0 |
_aAccess copy available to the general public. _fUnrestricted _2star |
|
| 700 | 1 |
_aHruza, Karel _eeditor. |
|
| 264 | 1 | _bBöhlau, | |
| 300 | _a1 online resource (1 p.) | ||
| 520 | _aDas Buch enthält 13 ausführliche Porträts österreichischer Historiker. Es knüpft konzeptionell an zwei Vorgängerbände an, die 2008 und 2012 erschienen sind, und schließt diese Serie nun ab. Die Porträts setzen sich mit den wissenschaftlichen Karrieren und Werken der Historiker auseinander sowie mit ihrer Einbindung in akademische Netzwerke und politische Tätigkeiten. Porträtiert werden in dieser Reihenfolge: Oswald Redlich (1858-1944), Ludo Moritz Hartmann (1865-1924), Hermann Wopfner (1876-1963), Hugo Hassinger (1877-1952), Hans Uebersberger (1877-1962), Adolf Helbok (1883-1968), Camillo Praschniker (1884-1949), Balduin Saria (1893-1974), Erna Patzelt (1894-1987), Lucie Varga (1904-1941), Otto Brunner (1898-1982), Richard Wolfram (1901-1995) und Taras von Borodajkewycz (1902-1984). | ||
| 588 | 0 | _aDescription based on print version record. | |
| 590 | _aKU Open Services | ||
| 650 | 7 |
_aHistory / Europe / Austria & Hungary _2bisacsh |
|
| 650 | 0 | _aHistory | |
| 655 | 0 | _aElectronic books. | |
| 758 |
_iIs found in: _aKnowledge Unlatched _1https://openresearchlibrary.org/module/2774bc74-146a-484f-a7ba-ab1d6a09bbfb |
||
| 856 | 4 | 0 |
_uhttps://openresearchlibrary.org/content/84f2a90f-0308-48f8-a9f2-d279a52db3fd _zView this content on Open Research Library. _70 |
| 999 |
_c33325 _d33325 |
||